| 000 | 00785nam a22002415a 4500 | ||
|---|---|---|---|
| 008 | 170119s2016 nyua||||rb||| 001 0 eng d | ||
| 020 | _a1681170361 | ||
| 020 | _a9781681170367 | ||
| 040 |
_aEG-ScBUE _beng _cEG-ScBUE |
||
| 082 |
_222 _a620.5 _bPRO |
||
| 245 |
_aProducing fuels and fine chemicals from biomass using nanomaterials / _cEditor, Manasi Karakre. |
||
| 260 |
_aValley Cottage, New York : _bSCITUS Academic LLC, _c2016. |
||
| 300 |
_a332 p. : _bill. ; _c19 cm. |
||
| 500 | _aIndex : p. 329-332 | ||
| 504 | _aBibliography : p. 310-324. | ||
| 590 | _aWessam | ||
| 650 | 7 |
_2BUEsh _9519 _aNanotechnology. |
|
| 650 | 7 |
_911612 _aBiomass energy. |
|
| 651 | _2BUEsh | ||
| 653 |
_bENGPET _cJanuary2017 |
||
| 700 | 1 |
_941778 _aKarakre, Manasi. _eeditor |
|
| 942 |
_2ddc _e22 _k620.5 PRO |
||
| 999 |
_c23983 _d23955 |
||